[Event "Corus Wijk aan Zee"]
[Site " Wijk aan Zee"]
[Date "2007.01.21"]
[Round "8"]
[White "GM van Wely, Loek (NED)"]
[Black "GM Ponomariov, Ruslan (UKR)"]
[Result "1/2-1/2"]
[WhiteElo "2683"]
[BlackElo "2723"]
[Annotator "Ìèõàèë Êðîéòîð"]
[PlyCount "113"]
[EventDate "2007.01.??"]
[EventType "tourn"]
[EventCountry "NED"]
[EventCategory "19"]
[Source "CrestBook.com"]

1. d4 e6 2. c4 Nf6 3. Nf3 Nc6 4. a3 {
Âàí Âåëè íå õî÷åò èãðàòü çàùèòó Íèìöîâè÷à.} d5 5. Bg5 ({Ãëàâíûé õîä òóò} 5.
Nc3) 5... Be7 6. e3 h6 7. Bh4 O-O 8. Nc3 b6 9. Rc1 Bb7 {Ïîëó÷èâøàÿñÿ ïîçèöèÿ
ìíå ÷òî-òî íàïîìèíàåò... Çíàòü áû ÷òî! Â ïàðòèÿõ ñèëüíûõ øàõìàòèñòîâ îíà íå
âñòðå÷àëàñü. Íàâåðíîå, ïðîñòî äîâîëüíî òèïè÷íàÿ ñòðóêòóðà ôåðçåâîãî ãàìáèòà.}
10. cxd5 Nxd5 11. Bg3 ({Íå ïîëó÷àåòñÿ âûèãðàòü ïåøêó ïîñëå} 11. Nxd5 Bxh4 12.
Nxc7 {Èç-çà} Bxf2+ $1 13. Kxf2 Qxc7 14. Ne5 Rac8 15. Nxc6 Bxc6 16. Ba6 Rcd8 17.
Bb5 Rd6 {, è ïîëîæåíèå ñìàõèâàåò íà ðàâåíñòâî.}) 11... Bd6 12. Bd3 Nce7 {
Â ïëàíàõ ÷¸ðíûõ - ïðîâåñòè ïîäðûâ c7-c5.} 13. O-O Rc8 14. Ne4 ({Ïîñëå} 14.
Nxd5 $1 Bxd5 15. e4 Bxg3 (15... Bb7 $4 16. e5) 16. hxg3 Bb7 17. Qa4 a5 18. Rc3
{áåëûå íå ïðîñòî äåëàþò íåâîçìîæíûì õîä c7-c5 (íó, ïî÷òè íåâîçìîæíûì) - îíè
åù¸ è çàíèìàþò âåðòèêàëü «c» ëàäüÿìè.}) 14... Nf5 15. Qa4 a6 $4 {
Ïðîèãðûâàåò ïåøêó.} ({Ñëåäîâàëî èçáðàòü} 15... Nxg3 16. hxg3 a5 $11) 16. Nxd6
cxd6 ({Ïîñëå} 16... Nxd6 17. e4 b5 18. Qc2 Nb6 {
ôèãóðû ÷åðíûõ î÷åíü çàæàòû. Íàïðèìåð,} 19. Qe2 Nbc4 20. a4 $16) 17. Rxc8 Qxc8
18. Bxf5 exf5 19. Bxd6 Re8 {Áåëûå âûèãðàëè ïåøêó, íî ôèãóðû èõ ñåé÷àñ
çàíèìàþò íå ñëèøêîì óäà÷íûå ïîçèöèè.  Òåïåðü ñëåäóåò ïîäóìàòü, êàê æå èõ
ìîæíî àêòèâèçèðîâàòü. Êñòàòè, íà «ñòîëå» ðàçíîöâåò, à òå, êòî ÷èòàë
Äâîðåöêîãî - çíàþò, ÷òî â òàêèõ ñèòóàöèÿõ õîðîøî íå òîìó, ó êîãî ìàòåðèàë, à
òîìó, ó êîãî èíèöèàòèâà! Äëÿ íà÷àëà õî÷åòñÿ çàíÿòü âåðòèêàëü «c» ëàäü,é...}
{Íî ñëåäóåò} 20. Be5 ({Îêàçûâàåòñÿ íå î÷åíü óäà÷íî} 20. Qd1 Qc6 21. Be5 f6
22. Bg3 Qb5 23. Qa1 (23. Qd2 $6 f4 24. exf4 Re2) 23... Qb3 {è ò.ä...}) 20...
Re6 21. Ne1 Rc6 22. Qb3 Rc1 23. Nd3 Rxf1+ 24. Kxf1 {Ðàçìåí ëàäåé âûãîäåí
áåëûì! Õîòÿ... Ìîæåò è ÷¸ðíûì - ó íèõ âåäü íå õâàòàåò ïåøêè...} a5 25. Ke1 ({
«Çíàë áû, ãäå óïàä,øü...» Ìîæíî áûëî ãîòîâèòü ñëîíó áîëåå áåçîïàñíîå ìåñòî -
íà äèàãîíàëè g1-a7:} 25. h3 f6 26. Bh2) 25... Qe6 26. Kd2 ({
Ïîïûòêà ðàçìåíÿòü êîíÿ íà ÷¸ðíîãî ñëîíà} 26. Nc5 $6 bxc5 27. Qxb7 f6 {
ïðèâîäèò ê òîìó, ÷òî äëÿ ñîõðàíåíèÿ ðàâåíñòâà óæå íàäî æåðòâîâàòü} 28. Qb8+
Kh7 29. Qd6 Qf7 30. dxc5 (30. Bg3 cxd4 31. exd4 Qe8+ 32. Kd2 Qe4 $17) 30...
fxe5 31. Qxe5 $11) 26... Kh7 27. Qc2 f6 28. Bb8 g5 {
Çàìåòüòå, êàê óäà÷íî è ìîùíî ñòîèò ÷¸ðíûé êîíü. Ïðÿìî ïî Íèìöîâè÷ó!} 29. h3
Kg7 30. Qc4 h5 31. Bh2 h4 32. Ne1 ({Çàñëóæèâàëî âíèìàíèÿ} 32. b4 axb4 33. axb4)
32... Bc6 {Èíòåðåñíàÿ ïîëó÷àåòñÿ ñèòóàöèÿ - ÷¸ðíûå (áåç ïåøêè) âñ¸
óâåëè÷èâàþò è óâåëè÷èâàþò àêòèâíîñòü ñâîèõ ôèãóð. Â òî âðåìÿ êàê áåëûå...}
33. Qd3 Qd7 34. Kc1 Bb5 35. Qc2 Bf1 36. e4 fxe4 37. Qxe4 {...â êîíöå êîíöîâ
äîèãðûâàþòñÿ äî ïîçèöèè, áîëåå ïåðñïåêòèâíîé (óæå!) äëÿ ñîïåðíèêà!} Qc6+ 38.
Kd2 Qb5 39. Kc1 Qe2 ({
Ñåé÷àñ ÷¸ðíûå ëåãêî ìîãëè ôîðñèðîâàòü íè÷üþ ïîâòîðåíèåì õîäîâ:} 39... Qc6+
40. Kd2 Qb5 {=, íî Ðóñëàí, êàê âñåãäà, ïðîäîëæàåò áîðüáó!}) 40. Qxe2 Bxe2 {
Ïîñëå ðàçìåíà ôåðçåé âîçíèêàåò èíòåðåñíûé, íî âñ¸ æå íè÷åéíûé ýíäøïèëü. Â
ïîëüçó òàêîãî ðåçóëüòàòà â ïåðâóþ î÷åðåäü ãîâîðèò ðàçíîöâåòíîñòü ñëîíîâ.
Íàëè÷èå ëèøíåé ïåøêè d4 íå ñèëüíî ïîìîãàåò áåëûì - èõ ôèãóðû î÷åíü ïàññèâíû,
òîãäà êàê êîíü íà d5 èãðàåò äîìèíèðóþùóþ ðîëü.} 41. g3 ({Ïîñëå} 41. a4 Bf1 $1
{(ïðèâÿçûâàÿ êîíÿ ê çàùèòå ïåøêè)} 42. Kd2 Kf7 43. b3 Ke6 44. Bb8 Ne7 45. f4
Nd5 $1 46. fxg5 fxg5 47. Be5 Kf5 48. Bd6 Ke4 49. Be5 {
íè áåëûå, íè ÷¸ðíûå íå ìîãóò óñèëèòü ñâîåé ïîçèöèè.}) 41... hxg3 42. fxg3 Kg6
43. Kd2 Bf1 44. h4 Kh5 ({Çàñëóæèâàëî âíèìàíèÿ} 44... gxh4 45. gxh4 Kh5 46. Bg3
Kg4 47. Bf2 f5 48. b3 Nf6 {è ÷¸ðíûå ãðîçÿò îòûãðàòü ïåøêó.}) 45. hxg5 fxg5 46.
Nc2 ({Èíòåðåñíåå áûëà ïîïûòêà ðàçâÿçàòüñÿ} 46. Bg1 Kg4 47. Bf2 Nf6 48. Ke3 Kf5
$5 49. Bg1 Kg4 50. Kf2 Ba6 51. Nf3 {
, è áåëûé êîíü âûõîäèò íà ñâîáîäó. Âïðî÷åì, äëÿ ïîáåäû ýòîãî íåäîñòàòî÷íî.})
46... Kg4 47. Ne3+ Nxe3 48. Kxe3 Bg2 $1 {
Îñòàíàâëèâàÿ ïåøêó d5 è íå âûïóñêàÿ áåëîãî êîðîëÿ.} 49. d5 {
Ïñèõîëîãè÷åñêàÿ ïîáåäà Ðóñëàíà, âïðî÷åì, âåäóùàÿ ê íè÷üåé.} ({
Ïðè äðóãèõ ïðîäîëæåíèÿõ áåëûì âåñüìà íåóþòíî. Ïåøêó g3 îíè òåðÿþò, íàïðèìåð:
} 49. a4 Bd5 50. Kf2 Kh3 51. Bg1 g4 $1 {Öóãöâàíã! È íàäî åù¸ äóìàòü, êàê áû íå
ïðîèãðàòü! Ïîýòîìó ïîíÿòíà æåðòâà ïåøêè d4 - òàê áåëûå óäëèíÿþò äèàãîíàëü
ñâîåìó ñëîíó.}) 49... Bxd5 50. Bg1 Kxg3 51. Bf2+ ({Ìîæíî áûëî è} 51. Kd4 Bb3
52. Kc3 a4 53. Bxb6 {, ïîñëå ÷åãî áåëûå ìîãóò îòäàòü ñëîíà çà ïåøêó g5 -
êîðîëü ïîïàäàåò íà b1 è íè÷üÿ.}) 51... Kg2 52. Be1 ({Ïîñëå} 52. a4 $6 Bf3 {
ïîëó÷àåòñÿ íåîæèäàííûé öóãöâàíã. Íî áåëûå óäåðæèâàþò ïîçèöèþ:} 53. Be1 Bd1
54. Bc3 Bxa4 55. Bf6 g4 56. Bd8 g3 57. Bxb6 Kf1 58. Kd3 $1 g2 59. Kc4 Bd1 (
59... g1=Q 60. Bxg1 Kxg1 61. b4) 60. b3 Be2+ 61. Kd5 Bb5 62. Bd4 Ke2 63. Kc5
Kd3 64. Bg1 Be8 65. Kb6 $11) 52... Bc6 ({È ïîñëå} 52... a4 53. Bc3 Bc6 54. Be1
Kh2 55. Bf2 Bb7 56. Be1 Kh3 57. Bf2 Kg2 {÷åðíûå íå ìîãóò óñèëèòü ïîçèöèþ.})
53. Bc3 g4 ({Ïîñëå ýòîãî - ÿñíàÿ íè÷üÿ. Ïðè êîðîëå íà f4 áåëîãî ñëîíà ñ
äèàãîíàëè e1-h4 íå ñîãíàòü - îíà äîñòàòî÷íî äëèííà. Ñëåäîâàòåëüíî, ïåøêó
äàëüøå íå ïðîäâèíóòü íå óäàñòñÿ. Íî íè ÷åãî íå ïîëó÷àëîñü è ïîñëå} 53... a4
54. Bb4 b5 {È òåïåðü áåëûå, ïîõîæå ìîãóò èãðàòü ïî÷òè êàê óãîäíî} 55. Bc3 $1 (
{Èëè} 55. Be7 g4 56. Kf4 Kh3 57. Bd6 g3 58. Ke3) (55. Be1 Kh2 56. Bf2)) 54. Kf4
Bd7 55. Be1 Kf1 56. Bh4 b5 57. Ke4 {Ñîãëàñèëèñü íà íè÷üþ.  Ïåøêó g3 íå
ïðîäâèíóòü, à åñëè ÷¸ðíûé êîðîëü íàïðàâëÿåòñÿ íà ôåðçåâûé ôëàíã, òî áåëûé
ñëîí ñðàçó æå áåæèò çàùèùàòü ïåøêè.} 1/2-1/2

[Event "Corus Wijk aan Zee"]
[Site " Wijk aan Zee"]
[Date "2007.01.21"]
[Round "8"]
[White "GM Karjakin, Sergey (UKR)"]
[Black "GM Navarra, David (CZE)"]
[Result "1-0"]
[WhiteElo "2678"]
[BlackElo "2719"]
[Annotator "Ìèõàèë Êðîéòîð"]
[PlyCount "111"]
[EventDate "2007.01.??"]
[EventType "tourn"]
[EventCountry "NED"]
[EventCategory "19"]
[Source "CrestBook.com"]

1. e4 e5 2. Nf3 Nc6 3. Bb5 a6 4. Ba4 Nf6 5. O-O Be7 6. Re1 b5 7. Bb3 O-O 8. h3
{ÑóïåðÑåð,æà îïÿòü ïûòàåòñÿ óéòè ñ «èñïàíñêèõ» ïðîòîðåííûõ ïóòåé.} Bb7 9. d3
d6 10. a3 Nd7 11. Nc3 Nd4 12. Nxd4 exd4 13. Ne2 c5 {Ýòà ïîçèöèÿ âñòðåòèëàñü âî
âñòðå÷å Ãðèùóê - Áåëÿâñêèé íà ÷åìïèîíàòå â Òðèïîëè (2004 ã.).} 14. Ba2 $146 {
#} Rc8 15. Nf4 $6 {Õîä, ÿâíî ïðåäïîëàãàþùèé âûõîä íà öåíòðàëüíîå ïîëå d5. Íî,
íà ìîé âçãëÿä, ýòî íå î÷åíü óäà÷íîå ïðîäîëæåíèå - ëó÷øå 15.Ng3 ñ èäååé Nf5.}
Kh8 16. b4 ({Åñëè ñëåäîâàòü ëîãèêå ïðåäûäóùåãî õîäà áåëûõ, òî ñëåäîâàëî èãðàòü
} 16. Bd5 {, íî ïîñëå} Bxd5 17. Nxd5 Nf6 {è, ïî-ìîåìó, ó ÷åðíûõ âñå ïðåêðàñíî.
}) 16... Nb6 17. Ne2 {Ïðèçíàíèå íåñîñòîÿòåëüíîñòè ñâîåãî ïëàíà? Êàê áû òî íè
áûëî, ìàí¸âðû êîí¸ì ïðèâåëè ê ïîòåðå äâóõ òåìïîâ! Âîîáùå, åñëè âçãëÿíóòü
ïîâíèìàòåëüíåé íà òåêóùóþ ïîçèöèþ, òî ìîæíî çàìåòèòü, ÷òî è âûïàä b2-b4 -
òîæå áûë îñëàáëåíèåì. Âåäü ñëîí ñ e7 áü,ò «ðåíòãåíîì» íà ïîëå b4.} Qd7 ({
Ìîæíî áûëî ñðàçó ïðîâåñòè ïîäðûâ â öåíòðå è âûèãðàòü ïåøêó:} 17... cxb4 18.
axb4 d5 19. e5 Bxb4 20. Bd2 Bc5 {è ò.ä.}) 18. Bf4 f5 19. f3 ({Â ñëó÷àå} 19.
exf5 Qxf5 20. Bg3 {îòêðûâàëèñü ëèíèè äëÿ ÷¸ðíûõ ôèãóð, è áåëûì áûëî áû ñëîæíî
çàùèùàòü ïîçèöèþ ñîáñòâåííîãî êîðîëÿ (ãðîçèëî áû, íàïðèìåð Bg5, Nd5 è ò.ä.).})
19... fxe4 20. fxe4 ({Åñëè} 20. dxe4 d5 21. exd5 Bxd5 {
- óæ âî âñÿêîì ñëó÷àå ñ «áîëåå ïðèÿòíîé èãðîé ó ÷¸ðíûõ».}) 20... cxb4 21.
axb4 {#} d5 $1 {Íàêîíåö, Íàâàðà ïðîâ,ë âûèãðûâàþùèé ïåøêó ìàí¸âð, êîòîðûé
âîçìîæåí áûë åù¸ íà 17-ì õîäó!} 22. e5 Bxb4 23. Bd2 Bc5 {Ïîçèöèÿ, â êîòîðîé
ñëîæíî ïðåäëîæèòü õîðîøèé ïëàí çà áåëûõ. Âîçìîæíî, èì ñëåäîâàëî ïîñòðîèòü
ñâîþ êîíòðèãðó çà ñ÷,ò èñïîëüçîâàíèÿ ïåøêè e5.} 24. Kh1 ({Íàïðèìåð,} 24. Nf4
$5 Rce8 ({Íî ñèëüíåå} 24... Qf5 $1) 25. e6 {
, è ó áåëûõ ïîÿâëÿþòñÿ ðåàëüíûå øàíñû íà íè÷üþ.}) 24... Nc4 $5 (24... Rf2
25. Rf1 (25. Ng3 $5) 25... Rxf1+ 26. Qxf1 Qe7 27. Qf5 Rf8 28. Qh5 Rf2) 25. Bf4
({Ëþáîïûòíûå îñëîæíåíèÿ âîçíèêàëè ïîñëå} 25. e6 $5 Qxe6 26. dxc4 dxc4 {
Ñìîãóò ëè çäåñü áåëûå îòáèòüñÿ?}) ({Êîíå÷íî, ïëîõî} 25. dxc4 $2 dxc4 26. e6
Qc6 27. Rg1 Qxe6 28. Kh2 Rf2 {, è áåëûì âïîðó ñäàâàòüñÿ.}) 25... Ne3 26. Bxe3
dxe3 27. d4 Be7 ({Ìîìåíòàëüíî âûèãðûâàëî} 27... Bb4 28. c3 ({Èëè} 28. Rf1 Rxf1+
29. Qxf1 Rf8 30. Qb1 Bd2) 28... Bxc3 29. Nxc3 Rxc3 $19) 28. Qd3 Bh4 29. Qxe3
Bxe1 30. Rxe1 Qf5 {#} ({Áåëûå, ÷òîáû ñîâñåì íå çà÷àõíóòü, îòäàëè êà÷åñòâî.
Òåïåðü ÷¸ðíûå ìîãëè çàáðàòü åù¸ è ïåøêó} 30... Rxc2 31. Bb3 Rc7 {, ïîñëå ÷åãî
èõ ïåõîòèíöåâ ôåðçåâîãî ôëàíãà íå îñòàíîâèòü. Íî Äàâèä, êàê âñåãäà, ñèäåë â
æåñòîêîì öåéòíîòå.}) 31. Kg1 Qe4 ({Ñíîâà ìîæíî áûëî ñêóøàòü -} 31... Qxc2 32.
Bb1 Qc7 {, è îïÿòü ïåøêè ãîòîâû ê ñêîðîñòíîìó ïðîáåãó â ôåðçè.}) 32. Qg3 Qg6 {
Òåïåðü ÷¸ðíûå ïûòàþòñÿ ðàçìåíÿòü ôåðçåé. Âîîáùå-òî ãîâîðÿ, ïðàâèëüíàÿ èäåÿ,
íî åñëè íå ïîëó÷àåòñÿ - òàê çà÷åì íàñòàèâàòü?! Òåì áîëåå ÷òî åñòü è äðóãèå
ïóòè ê ïîáåäå...} (32... Qxc2 33. Bb1 Qd2 $19) 33. Qe3 Qe4 34. Qg3 Rc6 $6 {
Õîä âûèãðûøà íå óïóñêàåò, íî ïîçâîëÿåò áåëûì çàùèòèòü äîâîëüíî âàæíóþ ïåøêó c2
} 35. Bb1 Rg6 36. c3 Rxg3 37. Bxe4 {
Ôåðçè òàêèì âîò, íåñêîëüêî íåîáû÷íûì ñïîñîáîì, íàêîíåö-òî ðàçìåíÿíû.} Re3 38.
Bf3 Kg8 39. Kf2 Rd3 40. Rb1 Bc6 $6 ({
Çà÷åì? Âåäü ó áåëûõ íåò ñåðü¸çíîé óãðîçû! Ïîäðûâ c4 ÷¸ðíûì äàæå âûãîäåí:} 
40... g5 41. Ke1 Kf7 42. c4 Rxf3 43. gxf3 dxc4 $19 {
Íî ýòî áûë êîíòðîëüíûé õîä...}) 41. Ra1 b4 $4 ({
Óïóñêàåò âñ¸ ïðåèìóùåñòâî. Ñëåäîâàëî âåðíóòü ñëîíà íàçàä:} 41... Bb7 42. Rb1 g5
) 42. Rxa6 Be8 43. Ke1 bxc3 44. Bxd5+ {
Òåïåðü óæå ó áåëûõ â öåíòðå îáðàçîâàëàñü ïåøå÷íàÿ ïàðà.} Kh8 45. Ra3 Ba4 $4 {
Êàê íè êðóòè: «ýôôåêòíûé» õîä! Ñåðüçíàÿ çàÿâêà íà... ïîðàæåíèå!} ({
Ñëåäîâàëî ïðåäïî÷åñòü} 45... Bb5 46. Rxc3 Rf1+ 47. Kxf1 Rxc3 48. Kf2 Rc2 49.
Bf3 {, è ñìèðèòüñÿ ñ íè÷åéíûì èñõîäîì.}) 46. Rxa4 c2 47. Bf3 Rd1+ 48. Kf2 Rc8
{#} 49. Bc6 $1 {Óäîáíî óñòðàèâàÿ ñëîíà. Áðàòü åãî, ðàçóìååòñÿ, íåëüçÿ èç-çà
ìàòà ïî 8-é ãîðèçîíòàëè, «çàòî» ãðîçèò d4-d5.} c1=Q 50. Nxc1 Rxc1 51. d5 Kg8
52. e6 R1xc6 ({Äðóãîãî íåò -} 52... Kf8 53. Rf4+ Ke7 54. Rf7+ Kd6 55. Rd7+ Kc5
56. Rxg7 $18) 53. dxc6 Kf8 54. Rf4+ Ke8 ({Ïîñëå} 54... Ke7 55. Rf7+ Kxe6 56.
Rxg7 Rxc6 57. Rxh7 {ïîëó÷àåòñÿ èçâåñòíîå îêîí÷àíèå ñ ïåøêàìè íà âåðòèêàëÿõ
«g» è «h». Êîðîëü áåëûõ îò ïåøåê íå îòðåçàí, òàê ÷òî ÷¸ðíûì â äàííîì
ñëó÷àå íàäåÿòüñÿ íå íà ÷òî.}) 55. Rf7 g6 56. c7 1-0

[Event "Corus Wijk aan Zee"]
[Site " Wijk aan Zee"]
[Date "2007.01.21"]
[Round "8"]
[White "GM Shirov, , Alexei (ESP)"]
[Black "GM Tiviakov, Sergey (NED)"]
[Result "1/2-1/2"]
[WhiteElo "2715"]
[BlackElo "2667"]
[Annotator "Âàñèëèé Ëåáåäåâ"]
[PlyCount "64"]
[EventDate "2007.01.??"]
[EventType "tourn"]
[EventCountry "NED"]
[EventCategory "19"]
[Source "CrestBook.com"]

1. e4 c5 2. Nf3 Nc6 3. d4 cxd4 4. Nxd4 g6 {Áåëûõ ïîçâîëè â ãîñòè ê äðàêîíó...}
5. c4 {À îíè òóäà íå ïîøëè, è èçáðàëè ñèñòåìó Ìàðîöè} Nf6 {Òåïåðü òóò íà
êàæäîì õîäó êó÷à ïðîäîëæåíèé è íå ìåíüøåå  êîëè÷åñòâî ðàçëè÷íûõ ïàðòèé...}
6. Nc3 d6 7. Nc2 Bg7 8. Be2 Nd7 9. Bd2 Nc5 10. b4 Ne6 11. Rc1 a5 $146 ({
×åðåç 31 ãîä ÷¸ðíûå ïðèìåíèëè} 11... Nf4 $5 12. O-O Nxe2+ 13. Qxe2 O-O 14.
Rfd1 {è ñðàùó æå ñûãðàëè ðåçêî íà ïåðåõâàò} f5 15. Be1 f4 16. f3 Qe8 17. c5
dxc5 18. Qc4+ Kh8 19. Qxc5 Qf7 20. b5 Ne5 21. Nd5 e6 22. Nc7 Rb8 23. Bh4 b6 24.
Qe7 Qg8 25. Nd4 Rf7 26. Qd8 Rf8 {è çäåñü áåëûå ðåøèëè íå ðèñêîâàòü:} 27. Qe7 (
27. Qd6) 27... Rf7 28. Qd8 Rf8 29. Qe7 (29. Qd6) 29... Rf7 30. Qd8 {
1/2-1/2 Nogueiras,J (2546)-Miezis,N (2524)/Mallorca 2004/CBM 104}) ({Õîðîøóþ ï
àðòèþ â ïîñëåäíåì òóðå çíàìåíèòîãî ìåæçîíàëüíîãî òóðíèðà âûèãðàë â ýòîì
âàðèàíòå Êîð÷íîé ó Õþáíåðà ïîñëå} 11... O-O {
(ýòîò åñòåñòâåííûé õîä âñòðåòèëñÿ çàòåì â ïàðòèÿõ} 12. Nd5 Ned4 13. Nxd4 Nxd4
14. Bg5 Re8 15. O-O Be6 16. Re1 Nxe2+ 17. Rxe2 Qd7 18. Rd2 Bxd5 {
â ýòîì ïîëîæåíèè Âèêòîð Ëüâî÷è ñûãðàë îòíþäü íå åñòåâåíííî:} 19. Rxd5 $1 {
ïîñëå ÷åãî êðàñèâî ïîáåäèë (Kortschnoj,V (2635)-Huebner,R (2600)/Leningrad
1973/IZT) Ïîäðîáíîñòè ñì. â êíèãå "Ìîè 55  ïîáåäáåëûìè"}) 12. b5 Ncd4 (12...
Nb4) 13. Nxd4 Bxd4 14. Bh6 $1 Bxc3+ 15. Rxc3 b6 16. O-O Qc7 17. Re1 f6 {
Çäåñü Àëåêñåé íàäîëãî çàäóìàëñÿ, è êîãäà äî ïåðâîãî êîíòðîëÿ îñòàâëîñü âñåãî
37 õîäîâ ïîñëåäîâàëîøèêàðíîå} 18. c5 $1 {Ïîä 5 óäàðîâ! «Äîðîãó ñëîíàì Àëåêñåÿ
Øèðîâà!» Õîòÿ êàæåòñÿ, ÷òî ýòî áûëî òîëüêî ýôôåêòíî} Nxc5 (18... dxc5 19. Qd5
(19. e5 $5 Qxe5 20. Rd3) ({íî ïîñëå} 19. e5 f5 20. Bc4) (19. Bc4 Bd7 20. e5 f5
21. Qb3 a4 22. Qd1 $1 {äîñòèãàÿ óæàñíî ïðèâëåêàòåëüíîé ïîçèöèè} Kf7 (22... Qa7
$1) 23. Rd3 Rhd8 24. g4) 19... Rb8 20. e5 Qxe5 21. Qxe5 fxe5 22. Bc4) (18...
bxc5 19. f4 {è áåëûå ñêîðî âçîðâóò öåíòð (íåâîçìîæíî, êñòàòè,} Nd4 $2 {èç-çà}
20. Qxd4 {).}) 19. Bg7 ({Âèäèìî íè÷åãî êîíêðåòíîãî íåò ïîñëå} 19. Bc4 e5 20.
Bd5 Rb8 21. Bc6+ Ke7) 19... Rg8 20. Bxf6 ({
Åñòü èäåÿ! À ìîæåò áûòü áåëûì íå íàäî áûëî ñòóêàòü ýòó ïåøêó, à ñûãðàòü ñðàçó} 
20. Qd5 {è åñëè ÷¸ðíûå îòâå÷àþò ïî àíàëîãèè ñî ñëó÷èâøèìñÿ â ïàðòèè} Be6 $5
({åñëè} 20... Rxg7 21. Qxa8 Qb7 22. Qxb7 Bxb7 23. f3 {
,òî áåëûå ïîòèõîíüêó ïîäãîòîâÿò âñêðûòèå ïîçèöèè, õîòÿ ó ÷¸ðíûõ òàêîé êîíü...}
) {, òî ïîñëå} 21. Qxa8+ Kf7 {êîðîëü âûíóæäåí óäàëèòüñÿ îò ôåðçåâîãî ôëàíãà}
22. Qc6 Qxc6 23. bxc6 Kxg7 24. Rc2 {è ïîêà íåëüçÿ} Nxe4 $2 {èç-çà êðàñèâîãî} ({
íî êîíå÷íî ÷¸ðíûå äîëæíû áûëè íàéòè ñëåäöþùóþ êîíòðèãðó} 24... Rc8 25. Bb5
Bf7 $1 {(ñêîðåå íà å8!)} 26. Rb2 Be8 27. Reb1 $1 Nxe4 (27... Bxc6 $6 28. Bxc6
Rxc6 29. Rxb6 $16) 28. Re1 Bxc6 $1 29. f3 $1 ({ñëàáåå} 29. Rc2 Nc5 30. Bxc6
Rxc6 31. Rxe7+ Kh6 32. f4 g5 $1) (29. Bxc6 Rxc6 30. Rxe4 Rc1+) 29... Nc5 (29...
Bxb5 30. Rxe4 Rc5 31. Rxe7+ {ëàäüè ïðîðâàëèñü - ÷¸ðíûì òÿæêî...}) 30. Rxe7+
Kh6 31. Be2 {è ÷¸ðíûå ñëàáîñòè (íà b6, d6 è f6) êàê ìèíèìó ãàðàíòèðóþ áåëûì
èíòåðñíóþ îõîòó íà íèõ. Ýòî êîíå÷íî âåñüìà ïðèáëèçèòåëüíî, ïîòîìó ÷òî
«ïåðâîðàçðÿäíî»...}) 25. Bg4 $3 {
è ñëåäóþùèå «âàðèàíòû» ñêîëü êîðîòêè íñòîëü è êàðñèâû:} f5 (25... Bd5 26.
Be6 $1) 26. Rxe4 $1) 20... exf6 21. Qd5 Be6 22. Qxa8+ Ke7 ({ïîñëå} 22... Kd7
23. Qc6+ Qxc6 24. bxc6+ Kxc6 {ïåøêà îñòòòà,òñÿ â æèâûõ} 25. a4) 23. Qc6 Qxc6
24. bxc6 Bxa2 25. Ra3 ({Ïîïðîáóåì è äðóãîé ëàäü,é ñëîíèêà ïîïóãàòü:} 25. Ra1 {
Ñèëüíåå} Bb3 $1 {ïîõîæå, ÷òî ÷¸ðíûå óñïøåíî îòáèâàþòñÿ} ({È òåïåðü ïëîõî} 
25... Be6 26. Rb1 Rb8 (26... Nxe4 27. Re3 {è Rxb6}) 27. Ra3 a4 (27... Kd8 28.
Rxa5 $1 bxa5 29. Rxb8+ Kc7 30. Ra8 Kxc6 31. Rxa5 Nxe4 32. Ra7 $18) 28. Bd1 b5 (
28... Bb3 29. Bxb3 axb3 30. Ra7+ Ke6 31. Rxh7 {
äóìàåòñÿ, ñ íåïëîõèìè øàíñàìè ó áåëûõ}) 29. Bxa4 b4 30. Bd1 $3 bxa3 31. Rxb8 a2
32. Ra8 Nxe4 33. c7 Nc3 34. Bb3 $1) {íà ÷òî áåëûå îòâå÷àþò} 26. Bb5 {
è, ïî êðàéíåé ìåðå, ïîêà óäåðæèâàþò ïðîõîäíóþ. ÍÎ ïðîáèòü ÷¸ðíûé çàùèòíûé
áëîê ñëîæíî, åñëè âîîáùå âîçìîæíî.}) 25... Be6 (25... Bb3 26. Rxb3 Nxb3 27. Bc4
Rc8 28. Bxb3 Rxc6 29. Bd5 {è ò.ä.}) 26. Rb1 Kd8 27. Rxb6 Kc7 28. Rb1 a4 $1 29.
Bd1 (29. Rb4 $5 Bb3) 29... Bb3 30. Bxb3 axb3 31. Raxb3 $1 {Ìóæåñâåííî
ü íà íè÷üþ. Ìíå âîîáùå êàæåòñÿ, ÷òî åñëè íå äåëàòü ýòîãî õîäà, òî ðèñêóþò
òîëüêî áåëûå, íàïðèìåð} (31. Ra7+ Kxc6 32. Rxh7 Ra8 33. f3 $2 b2 $1) 31... Nxb3
32. Rxb3 Kxc6 1/2-1/2